|
|
|
|
| LEADER |
02658nam a22003973i 4500 |
| 001 |
EBC6695287 |
| 003 |
MiAaPQ |
| 005 |
20231204023218.0 |
| 006 |
m o d | |
| 007 |
cr cnu|||||||| |
| 008 |
231204s2016 xx o ||||0 ger d |
| 020 |
|
|
|a 9783839434710
|q (electronic bk.)
|
| 020 |
|
|
|z 9783837634716
|
| 035 |
|
|
|a (MiAaPQ)EBC6695287
|
| 035 |
|
|
|a (Au-PeEL)EBL6695287
|
| 035 |
|
|
|a (OCoLC)957128622
|
| 040 |
|
|
|a MiAaPQ
|b eng
|e rda
|e pn
|c MiAaPQ
|d MiAaPQ
|
| 100 |
1 |
|
|a Frewer, Andreas.
|
| 245 |
1 |
4 |
|a Das Menschenrecht auf Gesundheit :
|b Normative Grundlagen und aktuelle Diskurse.
|
| 250 |
|
|
|a 1st ed.
|
| 264 |
|
1 |
|a Bielefeld :
|b transcript,
|c 2016.
|
| 264 |
|
4 |
|c ©2016.
|
| 300 |
|
|
|a 1 online resource (279 pages)
|
| 336 |
|
|
|a text
|b txt
|2 rdacontent
|
| 337 |
|
|
|a computer
|b c
|2 rdamedia
|
| 338 |
|
|
|a online resource
|b cr
|2 rdacarrier
|
| 490 |
1 |
|
|a Menschenrechte in der Medizin / Human Rights in Healthcare ;
|v v.1
|
| 505 |
0 |
|
|a Cover -- Inhalt -- Menschen, Rechte und Medizin. Zur Einführung -- Der Menschenrechtsansatz im Gesundheitswesen. Einige Grundsatzüberlegungen -- Das Menschenrecht auf Gesundheit. Grundzüge eines komplexen Rechts -- Das Recht auf Gesundheit in der Praxis. Von der Forschung zur internationalen Therapie -- Die Konkretisierung von Kernbereichen des Menschenrechts auf Gesundheit. Internationale Debatten zu »Minimum Core Obligations« -- Universelle Gesundheitssicherung. Konzeptionelle Grundlagen und der Beitrag Nationaler Ethikräte -- Ambivalenzen der Medikalisierung. Ein Plädoyer für das Ernstnehmen der subjektiven Perspektive im Umgang mit Gesundheit und Krankheit -- Gibt es ein Recht auf Krankheit? Historische und theoretische Überlegungen im Anschluss an Juli Zehs Roman Corpus Delicti -- ANHANG -- Allgemeine Bemerkung Nr. 14: Das Recht auf ein Höchstmaß an Gesundheit (Artikel 12). (General Comment 14) UN-Ausschuss für wirtschaftliche, soziale und kulturelle Menschenrechte -- Autorinnen und Autoren.
|
| 588 |
|
|
|a Description based on publisher supplied metadata and other sources.
|
| 590 |
|
|
|a Electronic reproduction. Ann Arbor, Michigan : ProQuest Ebook Central, 2023. Available via World Wide Web. Access may be limited to ProQuest Ebook Central affiliated libraries.
|
| 655 |
|
4 |
|a Electronic books.
|
| 700 |
1 |
|
|a Bielefeldt, Heiner.
|
| 776 |
0 |
8 |
|i Print version:
|a Frewer, Andreas
|t Das Menschenrecht auf Gesundheit
|d Bielefeld : transcript,c2016
|z 9783837634716
|
| 797 |
2 |
|
|a ProQuest (Firm)
|
| 830 |
|
0 |
|a Menschenrechte in der Medizin / Human Rights in Healthcare
|
| 856 |
4 |
0 |
|u https://ebookcentral.proquest.com/lib/matrademy/detail.action?docID=6695287
|z Click to View
|